[Event "South Carolina op"]
[Site "Greenville"]
[Date "2006.06.23"]
[Round "1"]
[White "Lauria, Michael"]
[Black "Mooney, Joshua"]
[Result "1-0"]
[WhiteElo "1517"]
[BlackElo "1736"]
[PlyCount "27"]
[EventDate "2006.06.23"]
[EventType "swiss"]
[EventRounds "5"]
[EventCountry "USA"]
[SourceTitle "CBM 112 Extra"]
[Source "ChessBase"]
[SourceDate "2006.07.14"]
[SourceVersion "1"]
[SourceVersionDate "2006.07.14"]
[SourceQuality "1"]

1. e4 b6 2. d4 Bb7 3. Nc3 Nc6 4. Bc4 e6 5. Nf3 Na5 6. Bd3 Nf6 7. 0-0 Be7 8. a3 d5 9. Qe2 0-0 10. Bg5 Nxe4 11. Bxe7 Nxc3 12. Bxh7+ Kh8 13. bxc3 Qxe7 14. Bd3 1-0